Responses for show #6397 - Tuesday, June 12, 2012

Contestants

[<< previous game]

Kathy Wright, a bookseller from Seattle, Washington

Eddie Nwabuoku, a web developer originally from New York, New York

Aaron Cappocchi, a writer from Burbank, California (whose 2-day cash winnings total $56,101)

[next game >>]

Jeopardy! Round responses

AMBROSE-IA
SHAKESPEARE'S WOMEN
20th CENTURY FOX TV
GOING POSTAL
ABBREVIATIONS AFTER YOUR NAME
GRIME FIGHTERS
    $200 12
First Manassas (or Bull Run)

Aaron
    $200 18
Juliet

Kathy
    $200 1
M*A*S*H

Aaron
    $200 26
the Grand Canyon

Aaron
    $200 7
Bachelor of Arts

Kathy
    $200 3
Johnson & Johnson

Aaron
    $400 13
the radio

Kathy
    $400 19
Lady MacBeth

Kathy
    $400 2
The X-Files

Kathy
    $400 28
(Eddie: What is Montana?)

Washington

EddieKathy
    $400 24
veterinary medicine

Aaron
    $400 8
dishwasher

Triple Stumper
    $600 14
March 17

Triple Stumper
    $600 20
Desdemona

Kathy
    $600 4
That '70s Show

Aaron
    $600 27
Everglades National Park

Eddie
    $600 16
Master of Social Work

Kathy
    $600 9
bleach

Kathy
    $800 15
Band of Brothers

Aaron
    $800 21
Kate

Kathy
    $800 5
Batman

Kathy
    $800 29
Marc Chagall

Triple Stumper
    $800 23
a Licensed Practical Nurse

Aaron
    $800 10
vinegar

Kathy
    $1000 17
Ambrose Bierce

Kathy
    $1000 22
Miranda

Triple Stumper
    $1000 6
The Simpsons

Eddie
    $1000 30
G(eneral) E(lectric)

Aaron
    $1000 25
a Fellow of the Royal Society

Eddie
    $1,800 11
(Alex: You've done some cleaning around your home, and it's paid off.)

Formula 409

Kathy

Scores at the first commercial break (after clue 15):

Aaron Eddie Kathy
$2,000 $1,000 $5,000

Scores at the end of the Jeopardy! Round:

Aaron Eddie Kathy
$4,400 $2,200 $9,000

Double Jeopardy! Round responses

DRINKS
APPS
THE MAINE COURSE
"SIDE" DISHES
MIXED GREENS
WHAT'S FOR DESERT?
(Not dessert.)
    $400 3
Rum

Aaron
    $400 1
KAYAK

Aaron
    $400 18
(Aaron: What is Newfoundland?)

New Brunswick

AaronKathy
    $400 9
a sideshow

Aaron
    $400 21
the Green Bay Packers

Kathy
    $800 5
(Kathy [calls the next clue]: "I need another Drink for $1200.)

Margaritaville

Kathy
    $800 4
PayPal

Kathy
    $800 22
paper

Aaron
    $800 11
a sidearm

Aaron
    $800 20
(Kathy: What is a butterfly?)
(Alex: What is a [*], a thoroughbred, racehorse.)

horse

Kathy
Triple Stumper
    $1200 6
Tequila Sunrise

Kathy
    $1200 2
a mixologist

Kathy
    $1200 23
the Missouri Compromise

Aaron
    $6,000 13
(Aaron: Let's have some more Side Dishes for 16.)

The Far Side

Aaron
    $1200 16
Bowling Green

Kathy
    $1200 26
the Mojave

Aaron
    $1600 7
(Kathy: You're gonna get the wrong idea about me!)
[Audience laughs]
(Alex: I got that a long time ago!)

Vodka

Kathy
    $1600 10
(Kathy: What is [*]'s?)

Motley Fool

Kathy
    $1600 24
Bowdoin

Kathy
    $1600 14
a sidebar

Aaron
    $1600 17
(Eddie: What is a Praying Mantis?)

veins

AaronEddie
    $1,200 27
(Aaron: [pause] what is...) [time's up signal sounds]

Negev

Aaron
    $2000 8
(Alex: Kathy, you're glad you missed that one. Go again.)

Whiskey

Triple Stumper
    $2000 12
Plants vs. Zombies

Aaron
    $2000 25
Margaret Chase Smith

Triple Stumper
    $2000 15
"Side By Side"

Kathy
    $2000 19
Gretna Green

Triple Stumper
    $2000 28
[end-of-round signal sounds]

Victoria

Triple Stumper

Scores at the end of the Double Jeopardy! Round:

Aaron Eddie Kathy
$19,200 $600 $21,000

[wagering suggestions for these scores]

Final Jeopardy! Round responses

AUTHORS
EddieWho is JRR Tolkein?
$600
AaronWho is Stephen King?
$1,999
KathyWho is Stephen King
$17,398
Stephen King

Final scores:

Aaron Eddie Kathy
$21,199 $0 $38,398
2nd place: $2,000 3rd place: $1,000 New champion: $38,398

Game dynamics:

Coryat scores:

Aaron Eddie Kathy
$15,600 $600 $20,200
20 R
(including 1 DD),
2 W
(including 1 DD)
3 R,
2 W
25 R
(including 1 DD),
1 W

Combined Coryat: $36,400

The J! Archive is created by fans, for fans. The Jeopardy! game show and all elements thereof, including but not limited to copyright and trademark thereto, are the property of Jeopardy Productions, Inc. and are protected under law. This website is not affiliated with, sponsored by, or operated by Jeopardy Productions, Inc. Join the discussion at JBoard.tv.